A TEXT BOOK OF HUMAN ANATOMY AND PHYSIOLOGY - I [ 1ST YEAR B. PHARM.] SEM-1 (Record no. 8828)

MARC details
000 -LEADER
fixed length control field 00516nam a22001697a 4500
005 - DATE AND TIME OF LATEST TRANSACTION
control field 20250917120618.0
008 - FIXED-LENGTH DATA ELEMENTS--GENERAL INFORMATION
fixed length control field 250917b |||||||| |||| 00| 0 eng d
020 ## - INTERNATIONAL STANDARD BOOK NUMBER
ISBN 978-93-86700-34-6
041 ## - LANGUAGE CODE
Language code of text/sound track or separate title eng
100 ## - MAIN ENTRY--AUTHOR NAME
Personal name PRASAD, DR. MAHESH AND JHA, DR ANTESH KUMAR & SRIVASTAV, MR. RITESH KUMAR
245 ## - TITLE STATEMENT
Title A TEXT BOOK OF HUMAN ANATOMY AND PHYSIOLOGY - I [ 1ST YEAR B. PHARM.] SEM-1
250 ## - EDITION STATEMENT
Edition statement 8TH ED. 2023
260 ## - PUBLICATION, DISTRIBUTION, ETC. (IMPRINT)
Place of publication PUNE
Name of publisher NIRALI PRAKASHAN
300 ## - PHYSICAL DESCRIPTION
Number of Pages 4.24;P
650 ## - SUBJECT ADDED ENTRY--TOPICAL TERM
Topical Term PHARMACY
942 ## - ADDED ENTRY ELEMENTS (KOHA)
Koha item type Books
Holdings
Lost status Damaged status Collection code Home library Current library Date acquired Source of acquisition Cost, normal purchase price Accession Number Koha item type
    PHARMACY JRU Library JRU Library 17/09/2025 SPECIMEN COPY 160.00 0082/D Books